000 00285nam a2200121Ia 4500
008 191201s2007 xx 000 0 und d
100 _aBradley
245 0 _aProgramming in Visual Basic 6.0
260 _aN.Delhi
_bTMH
_c2007
300 _a-
650 _aB.Tech(IT)
942 _2ddc
_cBK
_02
999 _c2943
_d2943